00641nam a2200193Ia 4500008004100000020001800041082001700059100002200076245004200098250000800140260005000148300003100198500001900229600002000248650002000268942000700288952013500295999001700430240925s9999 xx 000 0 und d a9789332584914 a330.0151 STU aStudenmund, A. H. 0aUsing Econometrics: a practical guide a7th aUttar Pradesh:bPearson Education Incc,2017. aVarious pagesb0fOriginal aIncludes Index aSocial Sciences aSocial Sciences cBK 001040708SSaUITUbUITUd2018-12-14eBismillah BookDepotg1280.00l0o330.0151 STUpQ12240r2024-09-25 07:16:23w2024-09-25yBK c14739d14739